00965nam a2200229 a 450000100100000000500170001000800410002702000150006804000250008324501700010824600490027826000270032730000280035449000240038270000300040670000330043670000410046971000720051083000310058295201050061399900170071800004189720201002035822.0131021s2004 sp 000 0 spa d a8400082931 aDO-SdBNPbspacBNPHU00aTecnología del oro antiguo :bEuropa y América = Ancient gold technology : America and Europe /ceditores Alicia Perea, Ignacio Montero, Óscar García-Vuelta.13aAncient gold technology : America and Europe aMadrid :bCSIC,c2004. a431 p. :bil. ;c26 cm.1 aAnejos de Aespav3212aPerea, Aliciaeed.96878412aMontero, Ignacioeed.94816612aGarcía-Vuelta, Óscareed.9687852 aConsejo Superior de Investigaciones Científicas (España)915178 0aAnejos de Aespav32968786 001050718MOaGRbGRcCTd2013-10-21iLF1l0o p41897-10r2020-06-25w2020-06-25y1ZNo se presta c41386d41386